Movies Quiz

Random Movies or Clickable Quiz

Follow That Line: Dumb and Dumber Quiz Stats

 Plays Quiz Updated Jul 5, 2017

Support Sporcle.
Go Orange.
Score 0/26 Timer 20:00
5 Plays Today
% Correct
Well, no, I've got a few things to take care of first, but why don't we make it quarter to 8?
93.3%
I just figured she was a raging alcoholic.
92.8%
Uh, yes sir. They're driving an 84...sheepdog.
92.3%
It's okay! I'm a limo driver!
92%
I don't think he's gonna get that message, Joe.
91.9%
Oh yeah! It's right here...Samsonite! I was way off!
91.9%
The owls, they're beautiful.
91.8%
Mmm, that sounds good. I'll have that.
91.5%
Yeah, I called her, she gave me a bunch of crap about me not listening to her enough, I don't know, I wasn't really paying attention.
90.8%
So you're tellin me there's a chance.
90.6%
I'm talkin about a little place called Aspen.
89.8%
Yeah, unless you wanna work 40 hours a week. Pffttt!
89.7%
Just when I think you couldn't possibly be any dumber, you go and do something like this and totally redeem yourself!
89.5%
% Correct
Yeah....he must work out.
88.3%
Not bad. Fell off the jetway again.
87.9%
You know, on second thought, you might just wanna run a comb through 'em.
87%
They gotta be pros.
86.5%
No, it was a girl.
85.8%
And you're a horrible shot!
85.6%
Our pets' heads are fallin off!
85.2%
Yeah. We're in the Rockies.
83.9%
Oh yeah. They always freak out when you leave the scene of an accident, you know?
81%
Yeah, really well.
80.8%
No, it's a cardigan, but thanks for noticing!
78.3%
What's that supposed to mean?
77%
We landed on the moon!
72.3%

You're not logged in!

Compare scores with friends on all Sporcle quizzes.
OR
Log In
Forgot?

From the Vault

Cartoon Character Blitz

by Thebiguglyalien

You'll have to be quick to catch these characters.
Remove Ads.
Support Sporcle.
Get the best of Sporcle when you Go Orange. This ad-free experience offers more features, more stats, and more fun while also helping to support Sporcle. Thank you for becoming a member.

Show Comments

Extras

Top Quizzes Today


Score Distribution

Your Account Isn't Verified!

In order to create a playlist on Sporcle, you need to verify the email address you used during registration. Go to your Sporcle Settings to finish the process.

Report this User

Report this user for behavior that violates our Community Guidelines.

Details: